| 000 | 01234nam a2200301Ia 4500 | ||
|---|---|---|---|
| 008 | 130821s2007 ck gr spa | ||
| 020 | _a9789584425058 | ||
| 040 |
_aCo-BoUCM _bspa |
||
| 041 | 0 | 0 | _aspa |
| 111 | 1 |
_aForo permanente Hábitat y el derecho a la vivienda digna _b[memorias] _ceditories Arturo Moncaleano Archila y Jairo Armando Morales Cruz _9164694 |
|
| 245 | 1 | 0 |
_aVivienda de interés social problemática y prospectiva _ceditories Arturo Moncaleano Archila y Jairo Armando Morales Cruz |
| 260 |
_aBogotá (Colombia) _bKonrad Adenauer Stiffung Pontificia Universidad Javeriana _c2007 |
||
| 300 | _a348 páginas | ||
| 490 | _aForo permanente | ||
| 504 | _aIncluye bibliografías | ||
| 650 | 0 | 4 |
_aCalidad de vida _910318 |
| 650 | 0 | 4 |
_aDerecho a la vivienda _912693 |
| 650 | 0 | 4 |
_aDerecho social _912830 |
| 650 | 0 | 4 |
_aOrdenamiento territorial _920822 |
| 650 | 0 | 4 |
_aVivienda popular _926344 |
| 650 | 0 | 4 |
_aVivienda _926342 |
| 700 | 1 |
_aMoncaleano Archila, Arturo _eed. _9162775 |
|
| 700 | 1 |
_aMorales Cruz, Jairo Armando _eed. _9164695 |
|
| 710 | 1 |
_aPontificia Universidad Javeriana _93699 |
|
| 710 | 1 |
_aUnión Javeriana _9164696 |
|
| 942 |
_cLIBRO _a5 _e1 _mV861v _2DEWEY _h363.5 |
||
| 999 |
_c58559 _d58559 |
||